000 00903nam a2200241Ii 4500
003 JO-AjNU
005 20240110132803.0
008 230605s9999||||xx |||||||||||||| ||und||
017 _a1977/4528
020 _a977-7063-07-5
040 _aJO-AjNU
_bara
_erda
_cJO-AjNU
041 _aara
050 1 4 _aBP130.4.i2764 1977
100 3 _aابن عمد؛ تحقيق ودراسة فؤاد عبد المنعم احمد؛ تقديم محمد سليمان داود,
_eauthor
_937668
245 0 0 _aمن التفسير القرآني: كشف السرائر في معنى االوجود والأشباه والنظائر
264 3 1 _aالاسكندرية: مؤسسة شباب الجامعية، 1977
300 _a319ص
336 _atext
_btxt
_2rdacontent
337 _aunmediated
_bn
_2rdamedia
338 _avolume
_bnc
_2rdacarrier
650 4 _aالتفاسير - القران
_937669
942 _2lcc
_cBK
999 _c19328
_d19328